000 00428nam a2200181Ia 4500
001 13582
005 20260306164811.0
008 260306t2011||||xx |||||||||||||| ||spa||
041 _aESP
082 _a004.68
_bT19 2011
100 _aTanenbaum, Andrews S.
_eAUT
245 0 _aComputer networks
260 _c2011
300 _axxii, 933 páginas :
_c24 cm.
650 _aGEN
654 _aCCC
942 _cLIB
_dJUS
_fJUS
_2ddc
_n
999 _c13582
_d13582